Statistiques concernant Zelda BOTW - Liste des Sanctuaires

Cliquez ici pour prendre le quiz!

Statistiques générales

  • Ce quiz a été pris 15 fois
  • Le résultat moyen est 14 sur 118

Statistiques - réponses

Réponse% Correct
Ja'Bashif
64%
Ma'Ohnu
64%
Wa'Modai
45%
Toumi'Soke
36%
Chasu'Keta
27%
Mo'Latania
27%
Myama'Gana
27%
Rahna'Loki
27%
Ako'Vahta
18%
Da'Kikii
18%
Data'Kusu
18%
Gaoma'Asa
18%
Guko'Chise
18%
Hya'Miu
18%
Ka'Okyo
18%
Kaya'Miwa
18%
Kiwa'Zatas
18%
Kiyo'Uh
18%
Ma'Nora
18%
Midda'Loki
18%
Monya'Toma
18%
Netzu'Yoma
18%
Nia'Nea
18%
Ri'Dahi
18%
Rukko'Ma
18%
Sao'Kohi
18%
Sasa'Kai
18%
Sasu'Kosa
18%
Shao'Yo
18%
Sha'Tawa
18%
Shemo'Lata
18%
Shibe'Nihro
18%
Shibe'Nyasu
18%
Shi'Dagoz
18%
Shi'Yota
18%
Tina'Kyoza
18%
Toh'Yassa
18%
Toto'Isa
18%
Uuta'Do
18%
Vashi'Ryako
18%
Vorida'No
18%
Da'Chokahi
9%
Dahi'Shiino
9%
Dahu'Nae
9%
Daka'Ka
9%
Da'Kasoh
9%
Dako'Tawa
9%
Dira'Ma
9%
Dounba'Ta
9%
Gu'Achitoh
9%
Hawa'Kai
9%
Hayu'Dama
9%
Hiro'Hira
9%
Jino'Yoh
9%
Jitah'Sami
9%
Jizu'Kafi
9%
Juni'Shi
9%
Kama'Rahi
9%
Kamu'Yo
9%
Kata'Chuki
9%
Katsu'Tosa
9%
Keha'Rama
9%
Keh'Noi
9%
Kenih'Shika
9%
Kiha'U
9%
Kima'Kosasa
9%
Kima'Zuusu
9%
Kito'Wawai
9%
Kui'Takka
9%
Kun'Shidaji
9%
Kyoshi'Oh
9%
Kyu'Ramuhi
9%
Mahmu'Lano
9%
Mihro'Tsuhi
9%
Mihzuu'Yoo
9%
Mii'Suu
9%
Moa'Kishito
9%
Muo'Jihm
9%
Myos'Sino
9%
Namika'Oz
9%
Rakyu'Uro
9%
Ritah'Zumo
9%
Rona'Kahta
9%
Ruyo'Tahu
9%
Sa'Darj
9%
Shada'Ada
9%
Shi'Jito
9%
Shimo'Itose
9%
Shora'Ha
9%
Suma'Sama
9%
Ta'Mur
9%
Taro'Nihi
9%
Thano'A
9%
To'Kayuu
9%
To'Kumo
9%
Tou'Karo
9%
Tzuna'Kai
9%
Wago'Kata
9%
Yakah'Mata
9%
Io'Soho
0%
Kao'Maka
0%
Kaza'Tokki
0%
Kugu'Chide
0%
Kyuka'nata
0%
Lano'Kuhii
0%
Ma'Kaya
0%
Nokki'Mihi
0%
Puma'Nitto
0%
Rah'Kua
0%
Ri'Mona
0%
Sai'Uuto
0%
Sha'Ghema
0%
Shi'Kuchofu
0%
Shi'Tatanke
0%
Shoda'Sah
0%
Tawa'Jin
0%
Ya'Nahga
0%
Yao'Mehyo
0%

Distribution des résultats

Percentile par nombre de réponses

% des personnes avec chaque résultat

Votre développement - résultats

Vous n’avez pas pris ce quiz